UM Logo

Fire service instructor : principles and practice / (Record no. 3093)

MARC details
000 -LEADER
fixed length control field 00983nam a22002417a 4500
003 - CONTROL NUMBER IDENTIFIER
control field OSt
005 - DATE AND TIME OF LATEST TRANSACTION
control field 20160622182531.0
008 - FIXED-LENGTH DATA ELEMENTS--GENERAL INFORMATION
fixed length control field 160622b xxu||||| |||| 00| 0 eng d
020 ## - INTERNATIONAL STANDARD BOOK NUMBER
International Standard Book Number 13: 978-0-7637-4910
040 ## - CATALOGING SOURCE
Transcribing agency LIC
082 ## - DEWEY DECIMAL CLASSIFICATION NUMBER
Edition number 2009
Classification number DC 629.92071
Item number In8
245 ## - TITLE STATEMENT
Title Fire service instructor : principles and practice /
Statement of responsibility, etc. International Association of Fire Chiefs, International Society of Fire Service Instructors, National Fire Protection Association
260 ## - PUBLICATION, DISTRIBUTION, ETC. (IMPRINT)
Place of publication, distribution, etc. Sudbury, Mass. :
Name of publisher, distributor, etc. Jones and Bartlett Publishers,
Date of publication, distribution, etc. c2009.
300 ## - PHYSICAL DESCRIPTION
Extent xvi, 296 pages :
Other physical details illustrations ;
Dimensions 28 cm
365 ## - TRADE PRICE
Price amount 5,400.40
Currency code Php
500 ## - GENERAL NOTE
General note Includes index.
650 #0 - SUBJECT ADDED ENTRY--TOPICAL TERM
9 (RLIN) 10317
Topical term or geographic name as entry element Fire prevention
Form subdivision Study and teaching
650 #0 - SUBJECT ADDED ENTRY--TOPICAL TERM
9 (RLIN) 10318
Topical term or geographic name as entry element Fire extinction
General subdivision Study and teaching
710 ## - ADDED ENTRY--CORPORATE NAME
9 (RLIN) 10319
Corporate name or jurisdiction name as entry element International Association of Fire Chiefs
710 ## - ADDED ENTRY--CORPORATE NAME
9 (RLIN) 10320
Corporate name or jurisdiction name as entry element International Society of Fire Service Instructors
710 ## - ADDED ENTRY--CORPORATE NAME
9 (RLIN) 10321
Corporate name or jurisdiction name as entry element National Fire Protection Association
942 ## - ADDED ENTRY ELEMENTS (KOHA)
Source of classification or shelving scheme Dewey Decimal Classification
Koha item type Circulation
Holdings
Withdrawn status Lost status Source of classification or shelving scheme Damaged status Not for loan Collection code Home library Current library Date acquired Source of acquisition Total Checkouts Full call number Barcode Date last seen Copy number Cost, replacement price Price effective from Koha item type
    Dewey Decimal Classification     Circulation UM Digos College - LIC UM Digos College - LIC 09/25/2014 Purchased   DC 629.92071 In8 2009 22459 05/15/2025 1 5400.40 06/22/2016 Circulation